A shortfall recovery mechanism for energy supply company adminstration (Record no. 114838)

MARC details
000 -LEADER
fixed length control field 00892cad a22001935a 4500
001 - CONTROL NUMBER
control field L157561
008 - FIXED-LENGTH DATA ELEMENTS--GENERAL INFORMATION
fixed length control field 130117s2013 xxk f 000 0 eng d
035 ## - SYSTEM CONTROL NUMBER
System control number (Sirsi) u157561
041 0# - LANGUAGE CODE
Language code of text/sound track or separate title eng
110 2# - MAIN ENTRY--CORPORATE NAME
Corporate name or jurisdiction name as entry element United Kingdom
Subordinate unit Department of Energy and Climate Change
9 (RLIN) 5850
245 02 - TITLE STATEMENT
Title A shortfall recovery mechanism for energy supply company adminstration
Medium [electronic resource]
260 ## - PUBLICATION, DISTRIBUTION, ETC.
Place of publication, distribution, etc. London
Name of publisher, distributor, etc. DECC
Date of publication, distribution, etc. 2013
520 ## - SUMMARY, ETC.
Summary, etc. Consultation seeks comments on modifications to gas and electricity licences in order to set up a cost recovery mechanism for energy supply company administration. The closing date for comments is 15 March 2013.
590 ## - LOCAL NOTE (RLIN)
Local note KA
651 #4 - SUBJECT ADDED ENTRY--GEOGRAPHIC NAME
Geographic name ENGLAND AND WALES
690 ## - LOCAL SUBJECT ADDED ENTRY--TOPICAL TERM (OCLC, RLIN)
Topical term or geographic name as entry element Energy
9 (RLIN) 6237
856 40 - ELECTRONIC LOCATION AND ACCESS
Uniform Resource Identifier <a href="https://www.decc.gov.uk/en/content/cms/consultations/cost_rec_mech/cost_rec_mech.aspx">https://www.decc.gov.uk/en/content/cms/consultations/cost_rec_mech/cost_rec_mech.aspx</a>
Public note View the consultation free of charge at www.decc.gov.uk
942 ## - ADDED ENTRY ELEMENTS (KOHA)
Suppress in OPAC 0
Holdings
Withdrawn status Lost status Source of classification or shelving scheme Damaged status Not for loan Home library Current library Shelving location Date acquired Total Checkouts Full call number Barcode Date last seen Copy number Price effective from Koha item type
    Dewey Decimal Classification     Virtual Virtual Online 17/01/2013   ONLINE PUBLICATION 157561-2001 06/08/2019 1 06/08/2019 Book